000 00386nam a2200145Ia 4500
005 20250729165735.0
008 250729s2013 xx 000 0 und d
041 _aeng
082 _a372.25 MEEV
100 _aDr.Meenakshi Singh
_9231867
245 _aEducation for the New Millenium
260 _aVaranasi
_bAllumini Association
_c2013
300 _a348p
650 _aEducation
_9231868
999 _c239496
_d239496